Nepripusťme likvidáciu tretieho sektora! Dokument

Bibliographic Details
Format: Article
Language:Slovak
Subjects:

MARC

LEADER 00000nab a2200000 a 4500
001 vtls000572649
003 SK-MaSNL
005 20260303013509.0
008 120929c1996 xo 0 slo
015 |a SNBRB19rr/mm-uuuuu 
035 |a CL0572787 
040 |a SNKBUCL  |b slo  |c SNKBUCL  |e AACR2 
041 0 |a slo 
044 |a xo  |c SK 
080 |a 061.27(437.6):061.25(437.6)  |2 1981 
080 |a 061.25(437.6)  |2 1981 
245 0 0 |a Nepripusťme likvidáciu tretieho sektora!  |b Dokument 
650 0 7 |a nadácie  |2 snkbucl  |9 2665 
650 0 7 |a organizácie občianske  |2 snkbucl  |9 994256 
655 7 |a články z novín a časopisov  |2 snkbucl  |9 267496 
773 0 |t Sme  |g Roč. 4 a 49, č. 14 (18. 1. 1996), s. 4 
850 |a Slovenská národná knižnica v Martine  |a MTA001 
852 |a SNK  |b KIS3GCP 
958 |a RK 
992 |a RBX 
999 |c 1602969  |d 1604899